| 000 | 00611nam a2200229 a 4500 | ||
|---|---|---|---|
| 005 | 20210219151044.0 | ||
| 008 | 991125s1987 par 000 0 fre u | ||
| 020 | _a272988730X | ||
| 035 | _aUPN01000026513 | ||
| 049 | _aF | ||
| 050 | 4 | _aQA90 D7.4 | |
| 100 | 1 | _aDroesbeke, F. | |
| 245 | 1 | 4 |
_aLes graphes par l'exemple / _cF. Droesbeke, M. Hallin, Cl. Lefevre |
| 260 |
_aParĂs : _bEllipses, _c1987 |
||
| 300 | _a32 p | ||
| 650 | 4 | _aMETODOS GRAFICOS | |
| 700 | 2 |
_aHallin, M., _ecoaut. |
|
| 700 | 2 |
_aLefevre, Cl., _ecoaut. |
|
| 902 | _aCAV CARLOS AGUILAR VILLA | ||
| 904 |
_aAC _b026514 |
||
| 905 | _aLibro | ||
| 999 |
_c26513 _d26513 |
||